000 01865nam a2200313 i 4500
003 CSPC
005 20251127102425.0
008 251124s2024 nyua 000 0 eng d
020 _a9781265293420
040 _aCSPC
_beng
_cCSPC
_erda
050 0 0 _aGE76
_b.M29 2024
082 0 0 _a363.70076
_bM452a
_223
100 1 _aMayer, Courtney,
_eauthor.
245 1 0 _aAP Environmental science 2024 /
_cCourtney Mayer.
264 1 _aNew York :
_bMcGraw Hill,
_c2024.
300 _axvi, 236 pages :
_billustrations ;
_c27 cm.
336 _2rdacontent
_atext
337 _2rdamedia
_aunmediated
338 _2rdacarrier
_avolume
490 0 _a5 steps to a 5
490 0 _aAP exam guides
500 _aIncludes 3 practice exams (in the book and online)
505 0 _aSet up your study plan -- Determine your test readiness -- Develop strategies for success -- Review the knowledge you need to score high -- The living world: biodiversity -- Populations -- Earth systems and resources -- Land and water use -- Energy resources and consumption -- Atmospheric pollution -- Aquatic and terrestrial pollution -- Global change -- Building your test-taking confidence.
520 _a"Ready to succeed in your AP course and ace your exam? Our 5 Steps to a 5 guides explain the tough stuff, offer tons of practice and explanations, and help you make the most efficient use of your study time. 5 Steps to a 5: AP Environmental Science is more than a review guide, it's a system that has helped thousands of students walk into test day feeling prepared and confident."-- Amazon.com
650 0 _aEnvironmental sciences
_xProblems, exercises, etc.
650 0 _aEnvironmental sciences
_vStudy guides
_xExaminaions.
942 _2ddc
_n0
_cBK
_h363.70076
_iM452a
_kCIR
_m2024
_e23
999 _c30918
_d30918